000
00298nam a22001337a 4500
008
171226b xxu||||| |||| 00| 0 eng d
020
_a
9781626670136
041
_a
eng
080
_2
2ND
_a
32
100
_a
19
101
_a
POL
245
_a
A MORE PERFECT UNION
_c
LITHERLAND,J.T
942
_2
udc
_c
BK
999
_c
39394
_d
39394